000
00331nam a2200145Ia 4500
003
OSt
008
191201s2002 xx 000 0 und d
082
_a
621.3822
_b
PRD
100
_a
PRATT, K William
245
0
_a
Digital Image Processing
260
_b
John wiley
_c
2002
300
_a
735
650
_a
B.Tech(ECE)
942
_2
ddc
_c
BK
999
_c
7145
_d
7145